Statistics for Name the rollercoaster Youtube channel

Click here to take the quiz!

General Stats

  • This quiz has been taken 11 times
  • The average score is 6 of 38

Answer Stats

HintAnswer% Correct
TaylorCoaster Studios
88%
HarryCoaster Bot
63%
MarcCoasterDash
63%
RyanEl Toro Ryan
63%
RobbTheme Park Review
50%
ShawnTheme Park Worldwide
38%
Cedar PointCedar Point
25%
JerryCoaster Force
25%
LoganKoaster Kids
25%
Blackpool Pleasure BeachPleasure Beach Experience
25%
PeterTheme Park Crazy
25%
AustinAmusement Insiders
13%
PeterCoaster Crazy
13%
DanMidway Mayhem
13%
EricTheme Park Avenue
13%
VillasVillas Byrne
13%
???XtremeCoasters Network
13%
???Attractions 360
0%
MattAttractions Magazine
0%
???Attraction Spot
0%
BobCoasterBob62
0%
???COASTERCREW Germany
0%
???Coaster Source
0%
???Coasters World
0%
???Coastervideos
0%
Daviddavidjellis
0%
DavinDavincstyleGames
0%
???Front Seat Coasters
0%
GrantHersheypark Enthusiast
0%
PeterIn the Loop
0%
LiamLiamOutLoud
0%
???MiyaPA Masane
0%
PaulPaul Gregg
0%
SimonRoller Coaster Crafter
0%
SeanSean Flaharty
0%
SarahTheCoasterViews
0%
NickTheme Park Lost164
0%
DjalychiaXtremerides
0%

Score Distribution

Percentile by Number Answered

Percent of People with Each Score

Your Score History

You have not taken this quiz